00857nam a2200241 a 4500001001000000003000900010005001700019007001000036008003900046020001800085040002200103041001300125100002400138240003700162245016000199246002700359260004000386300002700426500007900453700002400532700002400556700003500580000044273DO-SdBNP20180402093720.0000044273140612 dr a 000 0 spa d a9789945454437 aBPMETbspacBPMET17aspaheng1 aBalaguer, Elizabeth10athe secret of smilinglEspañol13aEl secreto de sonreír = the secret of smiling /cElizabeth Balaguer ; traducción Paula Féliz & Leslie Watson ; ilustraciones Emma Grullón Balaguer.1 athe secret of smiling  aSanto Domingo :bManatí,c[200?]. a30 p. :bil. ;c21 cm. aIncluye datos biográficos de la autora en la solapa de la contracubierta12aFéliz, Paulaetr.12aWatson, Leslieetr.12aGrullón Balaguer, Emmaeil.